00363nam a2200121Ia 4500008004100000245010200041260001700143260000900160300000800169650002300177650001200200856002900212170516s9999 xx 000 0 und d aMulti-Scale Optical Imaging of the Delayed Type Hypersensitivity Reaction Attenuated by Rapamycin bTheranostics c2014 a4:2 xMedical Technology xMedtech uhttp://www.thno.org/v4i2